000 00735nam a22002657a 4500
008 130514b xxu||||| |||| 00| 0 eng d
020 _a0-14-027784-6
024 _cAvailable
037 _cAvailable
040 _aMBSTU LIBRARY
_dMBSTU LIBRARY
082 _222
_a153.12 DES
100 _aD.E , Shobha.
110 _aL.W.Kingsland.
245 _aSelective memory stories from my life.
260 _aNew York
_bPenguin Books.
_c1998
300 _a20 cm.
_b531 page
_f1
_g20 cm.
600 _aMemory process.
650 _2Memory process.
700 _aD.E , Shobha.
710 _aL.W.Kingsland.
270 _aNew York
_bNew York
_dUSA
365 _b400.00
_d400.00
942 _2ddc
_cBK
999 _c382
_d382